000
00325nam a2200109Ia 4500
008
171211s9999 xx 000 0 und d
245
_a
Baby Massage – The Calming Power of Touch
245
_c
Alan Heath and Nicki Bainbridge
260
_c
2004
650
_x
HEALTH
856
_u
http://down.ebook777.com/017/9780756602468.pdf
999
_c
348363
_d
348363